[Event "World Senior Teams +50"]
[Site "Radebeul GER"]
[Date "2016.06.28"]
[Round "3.23"]
[Board "2"]
[White "Freter, Anke"]
[Black "Kock, Hans-Uwe"]
[Result "0-1"]
[BlackTitle "FM"]
[WhiteElo "1865"]
[BlackElo "2004"]
[WhiteTeam "SK Norderstedt von 1975 e.V."]
[BlackTeam "Liechtenstein"]
[WhiteFideId "4638727"]
[BlackFideId "4611020"]
[EventDate "2016.06.26"]

1. e4 c6 2. d4 d5 3. exd5 cxd5 4. c4 Nf6 5. Nc3 e6 6. c5 Be7 7. Nf3 O-O 8. Bd3
b6 9. b4 a5 10. Na4 Nbd7 11. a3 axb4 12. axb4 bxc5 13. dxc5 e5 14. Bc2 Ba6 15.
Bd2 Qc7 16. Nc3 Bc4 17. Nh4 g6 18. g3 Qb7 19. f3 e4 20. Kf2 Qxb4 21. fxe4 Qxc5+
22. Kg2 dxe4 23. Re1 Rxa1 24. Qxa1 Bd3 25. Bxd3 exd3 26. Nf3 Bd6 27. Qa6 Ne5 28.
Nxe5 Bxe5 29. Qxd3 h5 30. Rc1 Qb6 31. Be3 Rd8 32. Qe2 Qc6+ 33. Qf3 Qxf3+ 34.
Kxf3 Rd3 35. Nd1 Ra3 36. Rc2 Ng4 37. Ke4 f5+ 38. Kf3 Rd3 39. h3 Rxd1 40. hxg4
hxg4+ 41. Kg2 Kf7 42. Re2 Rd3 43. Bf2 Kf6 44. Ra2 g5 45. Ra6+ Rd6 46. Ra8 f4 47.
gxf4 gxf4 48. Bh4+ Kf5 49. Ra2 Rh6 50. Be1 f3+ 51. Kg1 g3 52. Ra3 Bd4+ 0-1

[Event "World Senior Teams +50"]
[Site "Radebeul GER"]
[Date "2016.06.28"]
[Round "3.23"]
[Board "3"]
[White "Iclicki, Willy"]
[Black "Schaefer, Ruediger"]
[Result "1/2-1/2"]
[WhiteElo "1970"]
[BlackElo "1784"]
[WhiteTeam "Liechtenstein"]
[BlackTeam "SK Norderstedt von 1975 e.V."]
[WhiteFideId "200450"]
[BlackFideId "1271080"]
[EventDate "2016.06.26"]

1. d4 d5 2. c4 e6 3. Nc3 Nf6 4. Bg5 Be7 5. cxd5 exd5 6. Qc2 O-O 7. e3 c6 8. Bd3
h6 9. Bh4 Nbd7 10. Nf3 Re8 11. O-O Nf8 12. h3 Ne4 13. Bxe7 Qxe7 14. Bxe4 dxe4
15. Nd2 f5 16. Rae1 Be6 17. f3 exf3 18. Nxf3 Nd7 19. a3 g6 20. Na4 Bd5 1/2-1/2

[Event "World Senior Teams +50"]
[Site "Radebeul GER"]
[Date "2016.06.28"]
[Round "3.24"]
[Board "1"]
[White "Huelsmann, Josef"]
[Black "Siebenhuener, Michael"]
[Result "0-1"]
[WhiteElo "2211"]
[BlackElo "2034"]
[WhiteTeam "SF Monheim Revival"]
[BlackTeam "TSG Markkleeberg von 1903"]
[WhiteFideId "4607929"]
[BlackFideId "4659805"]
[EventDate "2016.06.26"]

1. d4 e6 2. e4 d5 3. e5 c5 4. c3 Nc6 5. Nf3 Qb6 6. Bd3 cxd4 7. cxd4 Bd7 8. Nc3
Nxd4 9. Nxd4 Qxd4 10. Qe2 a6 11. O-O Qb6 12. Kh1 Bc5 13. f4 Ne7 14. a3 Rc8 15.
Rf3 g6 16. Rb1 Qa7 17. Rh3 b5 18. Bd2 Nc6 19. Be1 Nd4 20. Qd1 Nc6 21. Bh4 Be7
22. Qe1 h6 23. Bf2 Bc5 24. Nd1 Ne7 25. Bh4 Nf5 26. Bf6 Rh7 27. g4 Ne7 28. b4 Bb6
29. Bxe7 Kxe7 30. Qh4+ Ke8 31. Qe1 Rc4 32. Qd2 Rc8 33. Kg2 Rh8 34. f5 gxf5 35.
gxf5 Rg8+ 36. Rg3 Rxg3+ 37. hxg3 exf5 38. Qxh6 Be6 39. Qf4 Qd7 40. Nb2 Rc3 41.
Rh1 Kd8 42. Rh8+ Kc7 43. Qh6 Kb7 44. Qf8 Rc8 45. Qxc8+ Qxc8 46. Rxc8 Kxc8 47.
Bc2 Bd4 48. Nd3 Kc7 49. Kf3 Bc3 50. Ke3 d4+ 51. Kf4 Bd2+ 52. Kf3 Bc4 53. Nc5 Kb6
54. Bxf5 Bc1 55. Ke4 Bxa3 56. Nd3 Bxd3+ 57. Kxd3 Bxb4 58. Kxd4 a5 59. Bh7 Be7
60. Bg8 f6 61. exf6 Bxf6+ 62. Kd3 Kc5 63. Kc2 Kb4 64. Be6 Ka3 65. Kb1 a4 66. g4
b4 0-1

[Event "World Senior Teams +50"]
[Site "Radebeul GER"]
[Date "2016.06.28"]
[Round "3.24"]
[Board "2"]
[White "Nuernberger, Thomas"]
[Black "Weber, Franz-Josef"]
[Result "1/2-1/2"]
[WhiteElo "1983"]
[BlackElo "2136"]
[WhiteTeam "TSG Markkleeberg von 1903"]
[BlackTeam "SF Monheim Revival"]
[WhiteFideId "12979716"]
[BlackFideId "4684320"]
[EventDate "2016.06.26"]

1. c4 Nf6 2. Nc3 e6 3. e4 d5 4. cxd5 exd5 5. exd5 Nxd5 6. d4 Bb4 7. Bd2 O-O 8.
Be2 Nc6 9. Nf3 Nf6 10. Be3 Nd5 11. Bd2 Bf5 12. O-O h6 13. Nxd5 Qxd5 14. Bxb4
Nxb4 15. a3 Nc6 16. Rc1 Qd6 17. d5 Ne7 18. Nd4 Bd7 19. Nb5 Bxb5 20. Bxb5 Nxd5
21. Qb3 c6 22. Rfd1 Qf6 23. Bc4 Nb6 24. Be2 Rad8 25. a4 Rxd1+ 26. Rxd1 Rd8 27.
Rxd8+ Qxd8 28. Qb4 Qd7 29. a5 Nd5 30. Qd4 Qe7 31. Bf1 b6 32. axb6 axb6 33. g3
Qf6 34. Qe4 Qd6 35. Qe8+ 1/2-1/2

[Event "World Senior Teams +50"]
[Site "Radebeul GER"]
[Date "2016.06.28"]
[Round "3.24"]
[Board "4"]
[White "Beuger, Ronald"]
[Black "Ponater, Michael"]
[Result "0-1"]
[WhiteElo "1776"]
[BlackElo "2159"]
[WhiteTeam "TSG Markkleeberg von 1903"]
[BlackTeam "SF Monheim Revival"]
[WhiteFideId "24622982"]
[BlackFideId "4623983"]
[EventDate "2016.06.26"]

1. Nf3 g6 2. g3 Bg7 3. Bg2 e5 4. d3 Nc6 5. Nbd2 Nge7 6. c3 d5 7. O-O O-O 8. Re1
h6 9. Qc2 a5 10. Rb1 a4 11. b4 axb3 12. Rxb3 Re8 13. Ba3 Na5 14. Bxe7 Qxe7 15.
Rb5 e4 16. dxe4 dxe4 17. Nd4 c6 18. Rbb1 e3 19. Nf1 exf2+ 20. Kxf2 Nc4 21. Rbd1
Ne3 22. Nxe3 Qxe3+ 23. Kf1 Bxd4 24. cxd4 Re6 25. Rd3 Rf6+ 26. Bf3 Bh3# 0-1

[Event "World Senior Teams +50"]
[Site "Radebeul GER"]
[Date "2016.06.28"]
[Round "3.25"]
[Board "2"]
[White "Mortensen, John"]
[Black "Schmidt, Hans-Gerd"]
[Result "1/2-1/2"]
[WhiteElo "2077"]
[BlackElo "1935"]
[WhiteTeam "SK 1968"]
[BlackTeam "TuS Coswig 1920"]
[WhiteFideId "1409190"]
[BlackFideId "4657918"]
[EventDate "2016.06.26"]

1. e4 e6 2. d4 d5 3. Nd2 Nf6 4. e5 Nfd7 5. Bd3 c5 6. c3 Nc6 7. Ne2 f6 8. exf6
Nxf6 9. Nf3 Bd6 10. O-O O-O 11. Bf4 cxd4 12. cxd4 Ng4 13. Bg3 Kh8 14. h3 Nh6 15.
Bb5 Nf5 16. Bxd6 Nxd6 17. Bxc6 bxc6 18. Nc3 Qb6 19. Na4 Qb4 20. Rc1 Ne4 21. Ne5
Ba6 22. a3 Qe7 23. Qh5 Kg8 24. Rfe1 Rf5 25. Nxc6 Qf6 26. Qd1 Nxf2 27. Qd2 Nd3
28. Nc5 Nxe1 29. Rxe1 Rf1+ 30. Kh2 Rxe1 31. Qxe1 Bb5 32. Ne5 Qf4+ 33. Kh1 Qf6
34. a4 Be8 35. Qg3 Bg6 36. Kh2 Be4 37. b4 Qh6 38. b5 Qf6 1/2-1/2

[Event "World Senior Teams +50"]
[Site "Radebeul GER"]
[Date "2016.06.28"]
[Round "3.25"]
[Board "3"]
[White "Eiselt, Peter"]
[Black "Boye, Niels Mollmann"]
[Result "0-1"]
[WhiteElo "2012"]
[BlackElo "1862"]
[WhiteTeam "TuS Coswig 1920"]
[BlackTeam "SK 1968"]
[WhiteFideId "24638161"]
[BlackFideId "1413147"]
[EventDate "2016.06.26"]

1. c4 e5 2. Nc3 Nf6 3. Nf3 Nc6 4. d3 d5 5. cxd5 Nxd5 6. g3 Be7 7. Bg2 Nb6 8. O-O
O-O 9. a3 a5 10. Be3 Be6 11. Ne4 Nd5 12. Bc5 f5 13. Bxe7 Ndxe7 14. Nc3 Rb8 15.
Ng5 Nd4 16. Nxe6 Nxe6 17. Qb3 Qd7 18. Rac1 Kh8 19. Qb5 Qxb5 20. Nxb5 c6 21. Nc3
Rfd8 22. Rfd1 Nd4 23. b4 axb4 24. axb4 Nd5 25. Bxd5 cxd5 26. e3 Nf3+ 27. Kg2 e4
28. dxe4 dxe4 29. Rxd8+ Rxd8 30. Rd1 Rxd1 31. Nxd1 Kg8 32. h4 Kf7 33. Nc3 Ke6
34. Kf1 Kd6 35. Ke2 Kc6 36. Kd1 Ne5 37. Ke2 g6 38. Kd2 Ng4 39. Ke2 Ne5 40. Kd2
Kb6 41. Ke2 Nc6 42. b5 Ne5 43. Kd2 Kc5 44. Ke2 Kc4 45. Kd2 Ng4 46. Nd1 Kxb5 47.
Kc3 Ka4 48. Kb2 Kb4 49. Kc2 Ka3 50. Kb1 Kb3 51. Kc1 b5 52. Kb1 b4 53. h5 g5 54.
Kc1 Ka2 55. Kc2 b3+ 56. Kc1 Nxf2 0-1

[Event "World Senior Teams +50"]
[Site "Radebeul GER"]
[Date "2016.06.28"]
[Round "3.26"]
[Board "1"]
[White "Simon, Ralf-Axel"]
[Black "Bayarmaa, Gendenjamc"]
[Result "1-0"]
[WhiteTitle "FM"]
[WhiteElo "2113"]
[BlackElo "1929"]
[WhiteTeam "HannoBer"]
[BlackTeam "Mongolia Women"]
[WhiteFideId "4603125"]
[BlackFideId "4900189"]
[EventDate "2016.06.26"]

1. Nf3 d5 2. d4 e6 3. c4 f5 4. Nc3 Nf6 5. Bf4 c6 6. e3 Be7 7. Qc2 Nbd7 8. cxd5
Nxd5 9. Nxd5 cxd5 10. Bd3 Bb4+ 11. Ke2 O-O 12. Rhc1 Nf6 13. a3 Bd6 14. Bxd6 Qxd6
15. Qc7 Qxc7 16. Rxc7 Rf7 17. Rxf7 Kxf7 18. Rc1 Ne8 19. Bb5 Nd6 20. Rc7+ Kf8 21.
Bd7 b6 22. Ng5 Bxd7 23. Rxd7 Nc4 24. Nxe6+ Kg8 25. Nxg7 Nxb2 26. Nxf5 Nc4 1-0

[Event "World Senior Teams +50"]
[Site "Radebeul GER"]
[Date "2016.06.28"]
[Round "3.26"]
[Board "2"]
[White "Battsengel, Shirchin"]
[Black "Spiess, Thomas"]
[Result "0-1"]
[WhiteTitle "WFM"]
[WhiteElo "1956"]
[BlackElo "1985"]
[WhiteTeam "Mongolia Women"]
[BlackTeam "HannoBer"]
[WhiteFideId "4900391"]
[BlackFideId "4646959"]
[EventDate "2016.06.26"]

1. d4 d5 2. c4 c6 3. Nc3 Nf6 4. Nf3 e6 5. Bg5 dxc4 6. a4 Bb4 7. e3 Qa5 8. Bxf6
Bxc3+ 9. bxc3 Qxc3+ 10. Nd2 gxf6 11. Bxc4 Nd7 12. O-O f5 13. Bb3 Qb4 14. Re1 Nf6
15. e4 Qxd4 16. exf5 O-O 17. Qe2 exf5 18. Nf3 Qf4 19. Rad1 Ne4 20. Nd2 Nc3 21.
Qe7 Nxd1 22. Rxd1 Be6 23. Bxe6 fxe6 24. Qxe6+ Rf7 25. Nc4 Qe4 26. Qxf7+ Kxf7 27.
Nd6+ Ke6 28. Nxe4 fxe4 29. Kf1 Rg8 30. g3 Rg5 31. Ke2 Rd5 32. Rb1 b6 33. Ke3 Ke5
34. Rb4 Rd3+ 35. Ke2 Ra3 36. h4 c5 37. Rc4 Kd5 38. Rc1 Rxa4 39. g4 Ke5 40. Rd1
Rd4 41. Rg1 c4 42. g5 Rd7 43. h5 c3 44. g6 hxg6 45. Rxg6 Kd4 46. h6 Rh7 47. Kd1
b5 48. Rg7 Rxh6 49. Rxa7 Kd3 50. Rd7+ Kc4 51. Kc2 Rf6 52. Rc7+ Kb4 0-1

[Event "World Senior Teams +50"]
[Site "Radebeul GER"]
[Date "2016.06.28"]
[Round "3.26"]
[Board "3"]
[White "Hoffmann, Michael4"]
[Black "Soyolmaa, Dashdondog"]
[Result "1/2-1/2"]
[BlackTitle "WCM"]
[WhiteElo "1931"]
[BlackElo "1923"]
[WhiteTeam "HannoBer"]
[BlackTeam "Mongolia Women"]
[WhiteFideId "4694376"]
[BlackFideId "4900146"]
[EventDate "2016.06.26"]

1. d4 d5 2. Nf3 Nf6 3. e3 e6 4. Bd3 Nbd7 5. Nbd2 c5 6. b3 b6 7. Bb2 Bb7 8. O-O
Bd6 9. Ne5 Qc7 10. f4 Ne4 11. Nxe4 dxe4 12. Bb5 Bxe5 13. dxe5 a6 14. Qxd7+ Qxd7
15. Bxd7+ Kxd7 16. Rfd1+ Kc7 17. Rd6 Rad8 18. Rad1 Rhg8 19. Kf2 Rxd6 20. Rxd6
Rd8 21. g4 g6 22. Rxd8 Kxd8 23. Kg3 Ke7 24. a3 Bc6 25. h4 h5 26. g5 Kd7 27. Kf2 1/2-1/2

[Event "World Senior Teams +50"]
[Site "Radebeul GER"]
[Date "2016.06.28"]
[Round "3.26"]
[Board "4"]
[White "Serjmyadag, Damdin"]
[Black "Dellos, Peter"]
[Result "1/2-1/2"]
[WhiteElo "1949"]
[BlackElo "1890"]
[WhiteTeam "Mongolia Women"]
[BlackTeam "HannoBer"]
[WhiteFideId "4900510"]
[BlackFideId "16203291"]
[EventDate "2016.06.26"]

1. e4 e5 2. Nf3 Nc6 3. d4 exd4 4. Nxd4 g6 5. Be3 Bg7 6. c3 Nf6 7. f3 O-O 8. Be2
Re8 9. Qd2 d5 10. exd5 Nxd5 11. Bg5 Bf6 12. Nxc6 Bxg5 13. Nxd8 Bxd2+ 14. Nxd2
Nf4 15. Ne4 Rxd8 16. g3 Nxe2 17. Kxe2 f5 18. Nd2 Bd7 19. Nb3 Bb5+ 20. Kf2 Rd3
21. Rhd1 Rad8 22. Rxd3 Rxd3 23. Re1 Kf7 24. h4 b6 25. Re2 c5 26. Rd2 c4 27. Rxd3
cxb3 28. Rd1 bxa2 29. b3 Bd3 30. Ra1 Bb1 31. Ke3 Ke6 32. Kd4 a6 33. c4 Kd6 34.
b4 a5 35. bxa5 bxa5 36. c5+ Kc6 37. f4 Kb5 38. Kd5 Kb4 39. c6 Be4+ 40. Kd6 Kb3
41. c7 Bb7 42. Re1 Bc8 43. Ke7 Kb2 44. Re2+ 1/2-1/2

[Event "World Senior Teams +50"]
[Site "Radebeul GER"]
[Date "2016.06.28"]
[Round "3.27"]
[Board "1"]
[White "Goepfert, Jochen"]
[Black "Wilen, Eero"]
[Result "0-1"]
[WhiteElo "1987"]
[BlackElo "2061"]
[WhiteTeam "Blue Wonder"]
[BlackTeam "Finland"]
[WhiteFideId "12972878"]
[BlackFideId "501042"]
[EventDate "2016.06.26"]

1. f4 c5 2. Nf3 Nf6 3. e3 g6 4. b3 Bg7 5. Bb2 O-O 6. Bd3 d5 7. O-O Nc6 8. Nc3
Bg4 9. Be2 Ne4 10. Qe1 Nxc3 11. Bxc3 d4 12. Bb2 d3 13. Bxg7 dxe2 14. Bxf8
exf1=Q+ 0-1

[Event "World Senior Teams +50"]
[Site "Radebeul GER"]
[Date "2016.06.28"]
[Round "3.27"]
[Board "2"]
[White "Mottonen, Ari"]
[Black "Keeve, Martin"]
[Result "1/2-1/2"]
[WhiteElo "1987"]
[BlackElo "1893"]
[WhiteTeam "Finland"]
[BlackTeam "Blue Wonder"]
[WhiteFideId "504360"]
[BlackFideId "12903205"]
[EventDate "2016.06.26"]

1. Nf3 Nf6 2. g3 c6 3. Bg2 d5 4. d4 Nbd7 5. O-O g6 6. c4 Bg7 7. Nbd2 O-O 8. Re1
Bh6 9. e4 dxe4 10. Nxe4 Bxc1 11. Qxc1 Nxe4 12. Rxe4 Nf6 13. Rh4 Bg4 14. Qe3 Bxf3
15. Bxf3 Qc7 16. b3 Rad8 17. Rd1 Rd7 18. g4 Rfd8 19. g5 Ne8 20. Bg4 f5 21. gxf6
exf6 22. Bxd7 Qxd7 23. Re1 Ng7 24. Re4 Rf8 25. Qf4 Nf5 26. Rd1 c5 27. d5 Nd4 28.
Kh1 g5 29. Qe3 Qf5 30. Rdxd4 cxd4 31. Rxd4 Kf7 32. d6 Qd7 33. Qe4 f5 34. Qf3 Re8
35. Qh5+ Kf6 36. Qh6+ Ke5 37. Rd5+ Kf4 38. Kg2 Re6 39. Qf8 Re5 40. Rxe5 Kxe5 41.
Qe7+ Qe6 42. Qxg5 Kxd6 43. Qf4+ Kc6 44. Qe3 Qg6+ 45. Kf1 Qg4 46. f3 Qh3+ 47. Kg1
Qh5 48. Qe6+ Kc7 49. Qe5+ Kc6 50. Qe6+ Kc7 51. c5 Qg5+ 52. Kf2 Qh4+ 53. Ke3 f4+
54. Ke4 Qxh2 55. Qd6+ Kc8 56. Qxf4 Qxa2 57. Qf5+ Kd8 58. Qd5+ Kc7 59. Ke3 Qc2
60. Qd6+ 1/2-1/2

[Event "World Senior Teams +50"]
[Site "Radebeul GER"]
[Date "2016.06.28"]
[Round "3.27"]
[Board "3"]
[White "Reinhardt, Joachim"]
[Black "Munukka, Timo"]
[Result "1/2-1/2"]
[WhiteElo "1876"]
[BlackElo "1945"]
[WhiteTeam "Blue Wonder"]
[BlackTeam "Finland"]
[WhiteFideId "12925659"]
[BlackFideId "502723"]
[EventDate "2016.06.26"]

1. d4 Nf6 2. c4 g6 3. Nf3 Bg7 4. Nc3 d5 5. g3 O-O 6. Bg2 c6 7. O-O dxc4 8. Ne5
Be6 9. e4 Nbd7 10. Qe2 Nxe5 11. dxe5 Ng4 12. f4 Qd3 13. h3 Qxe2 14. Nxe2 Nh6 15.
Be3 f5 16. Nd4 Bd7 17. Rfd1 Rfd8 18. Rac1 fxe4 19. Kh2 Nf5 20. Nxf5 gxf5 21.
Rxc4 Be6 22. Rcd4 Bd5 23. g4 e6 24. Kg3 Kf7 25. Ra4 a6 26. Bb6 Rd7 27. Rad4 Rg8
28. b4 Bf8 29. a4 Be7 30. g5 Bd8 31. a5 Bc7 32. h4 Rc8 33. Bc5 Bd8 34. Bf1 Be7
35. Be2 Bf8 36. Bh5+ Kg7 37. Kf2 Be7 38. Ke3 Bf8 39. R1d2 Be7 40. Bd1 Bf8 41.
Rf2 Bxc5 42. bxc5 Rg8 43. h5 Kf8 44. h6 Ke7 45. Rb2 Rc8 46. Rdb4 Rcc7 47. Bh5
Kd8 48. Rg2 Kc8 49. g6 hxg6 50. Bxg6 Kb8 51. Rgb2 Ka7 52. Rg2 Re7 53. h7 Rxh7
54. Bxh7 Rxh7 55. Rg3 Rd7 56. Rg2 Rh7 1/2-1/2

[Event "World Senior Teams +50"]
[Site "Radebeul GER"]
[Date "2016.06.28"]
[Round "3.28"]
[Board "1"]
[White "Siggelkow, Axel"]
[Black "Van Bentum, Horst"]
[Result "1/2-1/2"]
[WhiteElo "2038"]
[BlackElo "2071"]
[WhiteTeam "BSV Chemie Radebeul"]
[BlackTeam "Schachfreunde MV"]
[WhiteFideId "24681350"]
[BlackFideId "4671961"]
[EventDate "2016.06.26"]

1. d4 Nf6 2. Nf3 e6 3. g3 d5 4. c4 dxc4 5. Bg2 Nbd7 6. Qa4 Be7 7. Qxc4 O-O 8.
O-O Nb6 9. Qc2 c6 10. Rd1 Bd7 11. e4 Qc8 12. Nc3 Rd8 13. Bf4 Be8 14. Qe2 Bf8 15.
Bg5 Be7 16. Rac1 h6 17. Bf4 Nh5 18. Be3 Nf6 19. h3 Bb4 1/2-1/2

[Event "World Senior Teams +50"]
[Site "Radebeul GER"]
[Date "2016.06.28"]
[Round "3.28"]
[Board "2"]
[White "Sager, Bernd"]
[Black "Westphal, Norbert"]
[Result "1/2-1/2"]
[WhiteElo "1901"]
[BlackElo "1965"]
[WhiteTeam "Schachfreunde MV"]
[BlackTeam "BSV Chemie Radebeul"]
[WhiteFideId "1270995"]
[BlackFideId "12973610"]
[EventDate "2016.06.26"]

1. d4 Nf6 2. c4 e6 3. Nf3 b6 4. e3 Bb7 5. Be2 Bb4+ 6. Bd2 Be7 7. Nc3 d6 8. O-O
O-O 9. Qc2 Nbd7 10. Rfd1 c5 11. Be1 cxd4 12. Nxd4 Ne5 13. f3 Rc8 14. Qa4 a6 15.
Bg3 Qc7 16. Qb3 Nfd7 17. Rac1 Rfd8 18. Nb1 Qc5 19. Nd2 Nf6 20. Qc3 Qc7 21. b3 h5
22. Qb2 Qb8 23. Nf1 Nc6 24. Nc2 Qa8 25. e4 Rd7 26. Nce3 Ne8 27. e5 Rcd8 28. exd6
Bxd6 29. Bxd6 Rxd6 30. Rxd6 Rxd6 31. c5 bxc5 32. Rxc5 Nf6 33. Rc1 Nd4 34. Nc4
Nxe2+ 35. Qxe2 Qa7+ 36. Kh1 Rc6 37. Qd2 Nd5 38. Rd1 Qb8 39. Nfe3 Rc5 40. Qd4
Nxe3 41. Qxe3 Qc7 42. h3 a5 43. Rd4 Bd5 44. Qd3 a4 45. f4 Bxg2+ 46. Kxg2 Qb7+
47. Kh2 Rd5 48. bxa4 Qa7 49. Rxd5 Qf2+ 50. Kh1 exd5 51. Qxd5 1/2-1/2

[Event "World Senior Teams +50"]
[Site "Radebeul GER"]
[Date "2016.06.28"]
[Round "3.28"]
[Board "3"]
[White "Muehlberg, Frank"]
[Black "Segebarth, Bernd"]
[Result "1/2-1/2"]
[WhiteElo "1929"]
[BlackElo "1924"]
[WhiteTeam "BSV Chemie Radebeul"]
[BlackTeam "Schachfreunde MV"]
[WhiteFideId "4680235"]
[BlackFideId "24657506"]
[EventDate "2016.06.26"]

1. d4 e6 2. c4 Bb4+ 3. Bd2 Bxd2+ 4. Nxd2 f5 5. g3 Nf6 6. Bg2 O-O 7. f4 Ng4 8.
Qb3 c6 9. Ngf3 d5 10. O-O a5 11. Qc3 Nf6 12. Ne5 Ne4 13. Qc2 Nxd2 14. Qxd2 Nd7
15. Nxd7 Bxd7 16. c5 a4 17. b3 b6 18. cxb6 Qxb6 19. b4 a3 20. Rf3 Ra4 21. Rb1
Rb8 22. Rfb3 1/2-1/2

[Event "World Senior Teams +50"]
[Site "Radebeul GER"]
[Date "2016.06.28"]
[Round "3.28"]
[Board "4"]
[White "Mueggenburg, Rolf"]
[Black "Richter, Andreas"]
[Result "0-1"]
[WhiteElo "1755"]
[BlackElo "1747"]
[WhiteTeam "Schachfreunde MV"]
[BlackTeam "BSV Chemie Radebeul"]
[WhiteFideId "4670965"]
[BlackFideId "12975354"]
[EventDate "2016.06.26"]

1. d4 Nf6 2. Nf3 g6 3. Nbd2 d5 4. g3 Bg7 5. Bg2 c5 6. c3 cxd4 7. cxd4 O-O 8. O-O
Nc6 9. Nb3 a5 10. Ne5 Nd7 11. Nxc6 bxc6 12. Re1 a4 13. Nc5 Nxc5 14. dxc5 e5 15.
e4 d4 16. Bd2 Qe7 17. Bb4 Be6 18. Bf1 Qb7 19. Ba3 Rfd8 20. Qd3 Qa7 21. Bb4 Bf8
22. Rec1 Bg7 23. Re1 f5 24. f3 fxe4 25. fxe4 Rf8 26. Bg2 Rf7 27. Rf1 Raf8 28.
Rxf7 Rxf7 29. a3 Bh6 30. Bd2 Bxd2 31. Qxd2 Qxc5 32. Rc1 Qb6 33. Kh1 c5 34. Bf1
Bg4 35. Bc4 Be6 36. Qc2 Bxc4 37. Qxc4 Qxb2 38. Rf1 Qb7 39. Re1 Qc6 40. h4 Qf6
41. Rc1 Qf3+ 42. Kh2 Kg7 43. Qd5 Qf6 44. Rxc5 Qf2+ 45. Kh3 Qf1+ 46. Kg4 h5+ 0-1

[Event "World Senior Teams +50"]
[Site "Radebeul GER"]
[Date "2016.06.29"]
[Round "4.1"]
[Board "1"]
[White "Jussupow, Artur"]
[Black "Hjartarson, Johann"]
[Result "1/2-1/2"]
[WhiteTitle "GM"]
[BlackTitle "GM"]
[WhiteElo "2596"]
[BlackElo "2547"]
[WhiteTeam "Emanuel-Lasker-Gesellschaft"]
[BlackTeam "Iceland"]
[WhiteFideId "4618777"]
[BlackFideId "2300044"]
[EventDate "2016.06.26"]

1. d4 Nf6 2. c4 g6 3. g3 Bg7 4. Bg2 O-O 5. Nc3 d6 6. Nf3 Nbd7 7. O-O e5 8. h3
exd4 9. Nxd4 Re8 10. b3 a6 11. Bb2 Rb8 12. e3 Nc5 13. Qc2 c6 14. Rad1 Qe7 15. e4
h5 16. Rfe1 Nh7 17. Nf3 b5 18. b4 Nd7 19. cxb5 axb5 20. a4 bxa4 21. Nxa4 Bxb2
22. Nxb2 Ne5 23. Nxe5 dxe5 24. Nd3 Ba6 25. Nc5 Bc8 26. Qc3 h4 27. g4 Nf8 28. Rd2
g5 29. Red1 Ne6 30. Qxe5 Rxb4 31. Nxe6 Bxe6 32. Rc1 Rb5 33. Qd6 Qxd6 34. Rxd6 c5
35. e5 Reb8 36. Bd5 Bxd5 37. Rxd5 c4 1/2-1/2

[Event "World Senior Teams +50"]
[Site "Radebeul GER"]
[Date "2016.06.29"]
[Round "4.1"]
[Board "2"]
[White "Olafsson, Helgi"]
[Black "Graf, Alexander"]
[Result "1/2-1/2"]
[WhiteTitle "GM"]
[BlackTitle "GM"]
[WhiteElo "2543"]
[BlackElo "2561"]
[WhiteTeam "Iceland"]
[BlackTeam "Emanuel-Lasker-Gesellschaft"]
[WhiteFideId "2300010"]
[BlackFideId "4680804"]
[EventDate "2016.06.26"]

1. c4 e6 2. Nf3 d5 3. d4 c6 4. e3 Nf6 5. Bd3 Nbd7 6. O-O Be7 7. Nc3 O-O 8. b3 b6
9. Bb2 Bb7 10. Qe2 Qc7 11. Rad1 Rad8 12. e4 dxe4 13. Nxe4 c5 14. dxc5 Nxc5 15.
Nxc5 Bxc5 16. Ne5 Qe7 17. Ng4 1/2-1/2

[Event "World Senior Teams +50"]
[Site "Radebeul GER"]
[Date "2016.06.29"]
[Round "4.1"]
[Board "3"]
[White "Meister, Jakob"]
[Black "Petursson, Margeir"]
[Result "1/2-1/2"]
[WhiteTitle "GM"]
[BlackTitle "GM"]
[WhiteElo "2456"]
[BlackElo "2509"]
[WhiteTeam "Emanuel-Lasker-Gesellschaft"]
[BlackTeam "Iceland"]
[WhiteFideId "4102541"]
[BlackFideId "2300028"]
[EventDate "2016.06.26"]

1. c4 e5 2. Nc3 Nf6 3. e3 d6 4. Nf3 Nbd7 5. d4 c6 6. Bd3 Be7 7. O-O O-O 8. Rb1
Re8 9. Qc2 Bf8 10. b4 a6 11. dxe5 Nxe5 12. Nxe5 dxe5 13. Rd1 Qe7 14. e4 a5 15.
b5 Bg4 16. f3 Be6 17. Be3 Nd7 18. bxc6 bxc6 19. Na4 Qa3 20. Bc1 Qe7 21. c5 Rab8
22. Be3 Rxb1 23. Rxb1 Rb8 24. Rxb8 Nxb8 25. Bc4 Bxc4 26. Qxc4 Qd8 27. Qb3 Na6
28. Kf1 Nc7 29. Nb2 Nb5 30. a4 Nd4 31. Qc4 Ne6 32. Nd3 Qb8 33. Kf2 Qb1 34. Bc1
Be7 35. g3 h6 36. Kg2 Qa1 37. Be3 Bf6 38. Qc2 Kh7 39. Nf2 Qa3 40. Nd3 Qa1 41.
Nf2 Qa3 42. Nd3 1/2-1/2

[Event "World Senior Teams +50"]
[Site "Radebeul GER"]
[Date "2016.06.29"]
[Round "4.1"]
[Board "4"]
[White "Arnason, Jon L"]
[Black "Koehler, Gerhard2"]
[Result "1-0"]
[WhiteTitle "GM"]
[WhiteElo "2490"]
[BlackElo "2201"]
[WhiteTeam "Iceland"]
[BlackTeam "Emanuel-Lasker-Gesellschaft"]
[WhiteFideId "2300036"]
[BlackFideId "12909700"]
[EventDate "2016.06.26"]

1. e4 e6 2. d4 d5 3. Nc3 Nf6 4. e5 Nfd7 5. Nce2 c5 6. c3 Nc6 7. Nf3 Be7 8. g3 b6
9. Bg2 cxd4 10. cxd4 Ba6 11. a3 Na5 12. Rb1 O-O 13. Nf4 Qc7 14. b4 Nc4 15. O-O
b5 16. h4 Bb7 17. Ng5 h6 18. Qh5 hxg5 19. hxg5 Ndxe5 20. Bh3 g6 21. Nxg6 Nxg6
22. Bxe6 Bd6 23. Qxg6+ 1-0